Collins COBUILD English grammar exercises / (Record no. 3464)
[ view plain ]
| 000 -LEADER | |
|---|---|
| fixed length control field | 00389nam a22001457a 4500 |
| 008 - FIXED-LENGTH DATA ELEMENTS--GENERAL INFORMATION | |
| fixed length control field | 200616b ||||| |||| 00| 0 eng d |
| 082 00 - DEWEY DECIMAL CLASSIFICATION NUMBER | |
| Classification number | 428 |
| Item number | S5341 |
| 100 ## - MAIN ENTRY--PERSONAL NAME | |
| 9 (RLIN) | 2852 |
| Personal name | Shaw, Katy |
| 245 10 - TITLE STATEMENT | |
| Title | Collins COBUILD English grammar exercises / |
| 250 ## - EDITION STATEMENT | |
| Edition statement | 1st ed. |
| 260 ## - PUBLICATION, DISTRIBUTION, ETC. (IMPRINT) | |
| Place of publication, distribution, etc | New York: |
| Name of publisher, distributor, etc | Harper Collins, |
| Date of publication, distribution, etc | 1992. |
| 300 ## - PHYSICAL DESCRIPTION | |
| Extent | 108 p. |
| 650 #0 - SUBJECT ADDED ENTRY--TOPICAL TERM | |
| Topical term or geographic name as entry element | English Language |
| 942 ## - ADDED ENTRY ELEMENTS (KOHA) | |
| Item type | Books |
| Withdrawn status | Lost status | Source of classification or shelving scheme | Damaged status | Not for loan | Permanent location | Current location | Date acquired | Source of acquisition | Full call number | Barcode | Date last seen | Cost, replacement price | Koha item type | Total Checkouts | Date last borrowed |
|---|---|---|---|---|---|---|---|---|---|---|---|---|---|---|---|
| IMU Kolkata | IMU Kolkata | 1998-01-23 | Shankars Book Agency | 428 S5341 | 08814 | 2025-03-22 | 60.00 | Books | |||||||
| IMU Kolkata | IMU Kolkata | 1998-01-23 | Shankars Book Agency | 428 S5341 | 08815 | 2020-06-16 | 60.00 | Books | |||||||
| IMU Kolkata | IMU Kolkata | 1998-01-23 | Shankars Book Agency | 428 S5341 | 08816 | 2025-03-22 | 60.00 | Books | |||||||
| IMU Kolkata | IMU Kolkata | 1998-01-23 | Shankars Book Agency | 428 S5341 | 08817 | 2025-03-22 | 60.00 | Books | |||||||
| IMU Kolkata | IMU Kolkata | 1998-01-23 | Shankars Book Agency | 428 S5341 | 08818 | 2020-06-16 | 60.00 | Books | |||||||
| IMU Kolkata | IMU Kolkata | 1998-01-23 | Shankars Book Agency | 428 S5341 | 08819 | 2020-06-16 | 60.00 | Books | |||||||
| IMU Kolkata | IMU Kolkata | 1998-01-23 | Shankars Book Agency | 428 S5341 | 08820 | 2025-03-24 | 60.00 | Books | 1 | 2025-03-24 | |||||
| IMU Kolkata | IMU Kolkata | 1998-01-23 | Shankars Book Agency | 428 S5341 | 08821 | 2025-03-22 | 60.00 | Books | |||||||
| IMU Kolkata | IMU Kolkata | 1998-01-23 | Shankars Book Agency | 428 S5341 | 08822 | 2025-03-22 | 60.00 | Books | |||||||
| IMU Kolkata | IMU Kolkata | 1998-01-23 | Shankars Book Agency | 428 S5341 | 08823 | 2025-03-22 | 60.00 | Books |